Development and evaluation of portable kitchen utensils cabinet / (Record no. 80373)

MARC details
000 -LEADER
fixed length control field 01631nam a22003137a 4500
003 - CONTROL NUMBER IDENTIFIER
control field URS
005 - DATE AND TIME OF LATEST TRANSACTION
control field 20240606211119.0
008 - FIXED-LENGTH DATA ELEMENTS--GENERAL INFORMATION
fixed length control field 240429b |||||||| |||| 00| 0 eng d
050 ## - LIBRARY OF CONGRESS CALL NUMBER
Classification number BT-HRM
Item number B846 2012
245 10 - TITLE STATEMENT
Title Development and evaluation of portable kitchen utensils cabinet /
Statement of responsibility, etc. Bueno, Janen B., [and three others].
260 ## - PUBLICATION, DISTRIBUTION, ETC.
Date of publication, distribution, etc. [2012]
300 ## - PHYSICAL DESCRIPTION
Extent xi, 50 leaves :
Other physical details color illustrations ;
Dimensions 28 cm
336 ## - CONTENT TYPE
Source rdacontent
Content type term text
337 ## - MEDIA TYPE
Source rdamedia
Media type term unmediated
338 ## - CARRIER TYPE
Source rdacarrier
Carrier type term volume
500 ## - GENERAL NOTE
General note Undergraduate thesis (Hotel and Restaurant Management) - University of Rizal System, Cainta 2012
504 ## - BIBLIOGRAPHY, ETC. NOTE
Bibliography, etc. note Includes bibliographical references.
520 ## - SUMMARY, ETC.
Summary, etc. "The main objective of the study was to develop- and evaluate portable kitchen utensils cabinet where the students will be drawn to the area and focused on the actual learning." -- Abstract
524 ## - PREFERRED CITATION OF DESCRIBED MATERIALS NOTE
Preferred citation of described materials note Bueno, J. B., [and three others]. (2012). Development and evaluation of portable kitchen utensils cabinet. University of Rizal System.
546 ## - LANGUAGE NOTE
Language note In English text.
650 #0 - SUBJECT ADDED ENTRY--TOPICAL TERM
Topical term or geographic name entry element Hotel and Restaurant Management
Form subdivision Thesis, Academic.
700 1# - ADDED ENTRY--PERSONAL NAME
Personal name Bueno, Janen B.,
Relator term researcher.
700 1# - ADDED ENTRY--PERSONAL NAME
Personal name Cabatu, Rose Mae B.,
Relator term researcher.
700 1# - ADDED ENTRY--PERSONAL NAME
Personal name Galicia, Mary Jane D.,
Relator term researcher.
700 1# - ADDED ENTRY--PERSONAL NAME
Personal name Isip, Annalyn S.,
Relator term researcher.
856 ## - ELECTRONIC LOCATION AND ACCESS
Materials specified Online Request for Student Unpublished Works
Uniform Resource Identifier <a href="https://docs.google.com/forms/d/e/1FAIpQLSdtj_eCncT3hgTIbOB8g-3uMYPTK14UGxs8cj-GqWFJPmnTLA/viewform">https://docs.google.com/forms/d/e/1FAIpQLSdtj_eCncT3hgTIbOB8g-3uMYPTK14UGxs8cj-GqWFJPmnTLA/viewform</a>
856 ## - ELECTRONIC LOCATION AND ACCESS
Materials specified Click here to access online
Uniform Resource Identifier <a href="https://drive.google.com/file/d/1R4-U1l-dm4RZyrkUzgKOnnlvoxNOU2-n/view?usp=drive_link">https://drive.google.com/file/d/1R4-U1l-dm4RZyrkUzgKOnnlvoxNOU2-n/view?usp=drive_link</a>
942 ## - ADDED ENTRY ELEMENTS (KOHA)
Source of classification or shelving scheme Library of Congress Classification
Koha item type Theses and dissertations
Holdings
Withdrawn status Source of classification or shelving scheme Damaged status Not for loan Collection code Home library Current library Shelving location Date acquired Source of acquisition Total Checkouts Full call number Barcode Date last seen Copy number Price effective from Koha item type
  Library of Congress Classification     Non-fiction Cainta College Library Cainta College Library Undergraduate Theses 04/29/2024 Donation   BT-HRM B846 2012 URSCAI-UGT0625 04/29/2024 c.2 04/29/2024 Theses and dissertations
  Library of Congress Classification     Non-fiction Cainta College Library Cainta College Library Undergraduate Theses 04/29/2024 Donation   BT-HRM B846 2012 URSCAI-UGT0330 04/29/2024 c.1 04/29/2024 Theses and dissertations

University of Rizal System
Email us at univlibservices@urs.edu.ph

Visit our Website www.urs.edu.ph/library